MARC details
| 000 -LEADER |
| fixed length control field |
05976nam a2200457 i 4500 |
| 001 - CONTROL NUMBER |
| control field |
xb30071835 |
| 006 - FIXED-LENGTH DATA ELEMENTS--ADDITIONAL MATERIAL CHARACTERISTICS |
| fixed length control field |
m d |
| 007 - PHYSICAL DESCRIPTION FIXED FIELD--GENERAL INFORMATION |
| fixed length control field |
cr n |
| 008 - FIXED-LENGTH DATA ELEMENTS--GENERAL INFORMATION |
| fixed length control field |
200518t20202020enka s 001 0 eng d |
| 020 ## - INTERNATIONAL STANDARD BOOK NUMBER |
| International Standard Book Number |
9781783748051 |
| Qualifying information |
(pdf) |
| 020 ## - INTERNATIONAL STANDARD BOOK NUMBER |
| International Standard Book Number |
9781783748068 |
| Qualifying information |
(epub) |
| 020 ## - INTERNATIONAL STANDARD BOOK NUMBER |
| International Standard Book Number |
9781783748075 |
| Qualifying information |
(mobi) |
| 020 ## - INTERNATIONAL STANDARD BOOK NUMBER |
| International Standard Book Number |
9781783748082 |
| Qualifying information |
(XML) |
| 020 ## - INTERNATIONAL STANDARD BOOK NUMBER |
| Canceled/invalid ISBN |
9781783748037 (Paperback) |
| 020 ## - INTERNATIONAL STANDARD BOOK NUMBER |
| Canceled/invalid ISBN |
9781783748044 (Hardback) |
| 040 ## - CATALOGING SOURCE |
| Original cataloging agency |
StSaUL |
| Language of cataloging |
eng |
| Description conventions |
rda |
| 245 00 - TITLE STATEMENT |
| Title |
Living earth community |
| Medium |
[electronic resource] : |
| Remainder of title |
multiple ways of being and knowing / |
| Statement of responsibility, etc. |
edited by Sam Mickey, Mary Evelyn Tucker, and John Grim. |
| 264 #1 - PRODUCTION, PUBLICATION, DISTRIBUTION, MANUFACTURE, AND COPYRIGHT NOTICE |
| Name of producer, publisher, distributor, manufacturer |
Open Book Publishers, |
| 300 ## - PHYSICAL DESCRIPTION |
| Extent |
1 online resource (286 pages) : |
| Other physical details |
9 colour illustrations. |
| 500 ## - GENERAL NOTE |
| General note |
Available through Open Book Publishers. |
| 500 ## - GENERAL NOTE |
| General note |
Includes index. |
| 505 0# - FORMATTED CONTENTS NOTE |
| Formatted contents note |
Contents -- Acknowledgments -- Notes on the Contributors -- Preface / Sam Mickey ; Introduction: Ways of Knowing, Ways of Valuing Nature / John Grim and Mary Evelyn Tucker -- Section I. Presences in the More-Than-Human World. 1. Creaturely Migrations on a Breathing Planet: Some Reflections / David Abram ; 2. Learning a Dead Birdsong: Hopes' echo. Escape.1 in 'The Place Where You Go to Listen' / Julianne Lutz Warren ; 3. Humilities, Animalities, and Self-Actualizations in a Living Earth Community / Paul Waldau -- Section II. Thinking in Latin American Forests. 4. Anthropology as Cosmic Diplomacy: Toward an Ecological Ethics for Times of Environmental Fragmentation / Eduardo Kohn ; 5. Reanimating the World: Amazonian Shamanism / Frédérique Apffel-Marglin ; 6. The Obligations of a Biologist and Eden No More / Thomas E. Lovejoy -- Section III. Practices from Contemporary Asian Traditions and Ecology. 7. Fluid Histories: Oceans as Metaphor and the Nature of History / Prasenjit Duara ; 8. Affectual Insight: Love as a Way of Being and Knowing / David L. Haberman ; 9. Confucian Cosmology and Ecological Ethics: Qi, Li, and the Role of the Human / Mary Evelyn Tucker -- Section IV. Storytelling: Blending Ecology and Humanities. 10. Contemplative Studies of the 'Natural' World / David Haskell ; 11. Science, Storytelling, and Students: The National Geographic Society's On Campus Initiative / Timothy Brown ; 12. Listening for Coastal Futures: The Conservatory Project / Willis Jenkins ; 13. Imaginal Ecology / Brooke Williams -- Section V. Relationships of Resilience within Indigenous Lands ; 14. An Okanagan Worldview of Society / Jeannette Armstrong ; 15. Indigenous Language Resurgence and the Living Earth Community / Mark Turin ; 16. Sensing, Minding, and Creating / John Grim ; 17. Unsettling the Land: Indigeneity, Ontology, and Hybridity / Samara Brock -- Section VI. The Weave of Earth and Cosmos. 18. Gaia and a Second Axial Age / Sean Kelly ; 19. The Human Quest to Live in a Cosmos / Heather Eaton ; 20. Learning to Weave Earth and Cosmos / Mitchell Thomashow -- List of Illustration -- Index -- About the team. |
| 506 ## - RESTRICTIONS ON ACCESS NOTE |
| Terms governing access |
Open access resource providing free access. |
| 520 ## - SUMMARY, ETC. |
| Summary, etc. |
"Living Earth Community: Multiple Ways of Being and Knowing is a celebration of the diversity of ways in which humans can relate to the world around them, and an invitation to its readers to partake in planetary coexistence. Innovative, informative, and highly accessible, this interdisciplinary anthology of essays brings together scholars, writers and educators across the sciences and humanities, in a collaborative effort to illuminate the different ways of being in the world and the different kinds of knowledge they entail - from the ecological knowledge of indigenous communities, to the scientific knowledge of a biologist and the embodied knowledge communicated through storytelling. This anthology examines the interplay between Nature and Culture in the setting of our current age of ecological crisis, stressing the importance of addressing these ecological crises occurring around the planet through multiple perspectives. These perspectives are exemplified through diverse case studies, from a study on the significance of the birdsong of the huia (an extinct species of New Zealand wattlebird) for the Māori people, and its commodification and extinction in the aftermath of colonialism; to a study on the promotion of ecological learning through network thinking, as evinced in a range of examples that portray the basic patterns of networks - the neurological network of a brain, the mycelial network of a fungus, the Internet, and the transportation system of global society. Living Earth Community: Multiple Ways of Being and Knowing synthesizes insights from across a range of academic fields, and highlights the potential for synergy between disciplinary approaches and inquiries. This anthology is essential reading not only for researchers and students, but for anyone interested in the ways in which humans interact with the community of life on Earth, especially during this current period of environmental emergency."--Publisher's website. |
| 538 ## - SYSTEM DETAILS NOTE |
| System details note |
Mode of access: World Wide Web. |
| 540 ## - TERMS GOVERNING USE AND REPRODUCTION NOTE |
| Terms governing use and reproduction |
This work as a whole is licensed under a Creative Commons Attribution-NonCommercial-NoDerivs license (CCBY-NC-ND). Selected chapters are available under a CC BY 4.0 license. For more detailed information consult the publisher's website. |
| 650 #0 - SUBJECT ADDED ENTRY--TOPICAL TERM |
| Topical term or geographic name entry element |
Biodiversity. |
| 650 #0 - SUBJECT ADDED ENTRY--TOPICAL TERM |
| Topical term or geographic name entry element |
Ecology. |
| 650 #0 - SUBJECT ADDED ENTRY--TOPICAL TERM |
| Topical term or geographic name entry element |
Human ecology. |
| 650 0# - SUBJECT ADDED ENTRY--TOPICAL TERM |
| Topical term or geographic name entry element |
Human ecology |
| Form subdivision |
Case studies. |
| 700 1# - ADDED ENTRY--PERSONAL NAME |
| Personal name |
Grim, John, |
| Relator term |
editor. |
| 700 1# - ADDED ENTRY--PERSONAL NAME |
| Personal name |
Mickey, Sam, |
| Dates associated with a name |
1981- |
| Relator term |
editor. |
| 700 1# - ADDED ENTRY--PERSONAL NAME |
| Personal name |
Tucker, Mary Evelyn, |
| Relator term |
editor. |
| 710 2# - ADDED ENTRY--CORPORATE NAME |
| Corporate name or jurisdiction name as entry element |
Open Book Publishers, |
| Relator term |
publisher. |
| 856 40 - ELECTRONIC LOCATION AND ACCESS |
| Uniform Resource Identifier |
<a href="http://doi.org/10.11647/OBP.0186">http://doi.org/10.11647/OBP.0186</a> |
| Public note |
Connect to e-book |
| 856 42 - ELECTRONIC LOCATION AND ACCESS |
| Uniform Resource Identifier |
<a href="https://www.openbookpublishers.com/shopimages/products/thumbnails/1086.jpg">https://www.openbookpublishers.com/shopimages/products/thumbnails/1086.jpg</a> |
| Public note |
Connect to cover image |